| 000 | 00869cam a2200277 4500 | ||
|---|---|---|---|
| 001 | ABS64001 | ||
| 008 | 000000n2001 000 0 eng u | ||
| 035 | _a(Sirsi) u112745 | ||
| 245 | _aBenelux | ||
| 260 | _c2001 | ||
| 490 |
_aEuroProperty _vMay 2001, 41-49(7) |
||
| 520 | _aSpecial feature comparing the commercial property markets of the three Benelux countries; Belgium, Luxembourg, and the Netherlands. Graphs. Tables. | ||
| 590 | _aABS | ||
| 650 | _aBENELUX | ||
| 650 | _aLUXEMBOURG | ||
| 650 | _aBELGIUM | ||
| 650 | _aPLANNING ISSUES | ||
| 650 | _aPROPERTY-COMMERCIAL PROPERTY-OFFICE PROPERTY-OFFICE PROPERTY MARKET | ||
| 650 | _aINVESTMENT MARKET | ||
| 650 | _aBRUSSELS | ||
| 650 | _aNETHERLANDS | ||
| 650 | _aPROPERTY-COMMERCIAL PROPERTY-COMMERCIAL PROPERTY MARKET | ||
| 650 | _aEUROPE | ||
| 690 | _aINTERNATIONAL-EUROPE | ||
| 942 | _n0 | ||
| 999 |
_c67130 _d67130 |
||